000
00256nam a2200097Ia 4500
001
931360
005
20250826214907.0
008
250824s9999 xx 000 0 und d
245
0
_a
DEDEMİN BAKKALI ÇIRAK/N1
_c
ŞERMİN YAŞAR
260
_b
TAZE KİTAP YAYINLARI
999
_c
931360
_d
931360